00887nam a2200217 a 450000100100000000500170001000800410002702000150006804000250008324500760010826000720018430000280025649000500028450000210033450400320035550400730038770000300046083000570049095201050054799900170065200004132120201002034803.0130925s1994 sp 001 0 spa d a8487699987 aDO-SdBNPbspacBNPHU00aDel Renacimiento a la Ilustración /cedición de Ezequiel de Olaso/. aMadrid :bConsejo Superior de Investigaciones Científicas,c1994. a228 p. :bil, ;c24 cm.1 aEnciclopedia iberoamericana de filosofíav6 aIncluye índice aBibliografía : p. 227-228 aIncluye referencias bibliográficas y notas al pie de las páginas1 aOlaso, Ezequiel de967952 0aEnciclopedia iberoamericana de filosofíav6915735 001050718MOaGRbGRcCTd2013-09-30iLF1l0o p41321-10r2020-06-25w2020-06-25y1ZNo se presta c40811d40811